Szczegóły MARC21

Konstytucja Unii Europejskiej : traktat ustanawiający Konstytucję dla Europy /

005 -DATA I CZAS OSTATNIEJ MODYFIKACJI [,]
    • @
    • pole kontrolne
    • 20070315155141.9
020 -Międzynarod. znormalizowany nr książki - ISBN [ , ]
    • a
    • Numer ISBN
    • 8389363356 Find
040 -Instytucja sporządzająca opis [ , ]
    • a
    • Instytucja, która sporządziła opis (NP)
    • SZCZ U
    • c
    • Instytucja, która sporządziła rekord (NP)
    • SZCZ U
041 -Język dokumentu [0, ]
    • a
    • Język tekstu (P)
    • polski
    • h
    • Język tekstu oryginalnego i/lub pośredniego (P)
    • polski
942 -Rodzaj dokumentu [ , ]
    • c
    • Rodzaj dokumentu
    • Książka
245 -Strefa tytułu i oznaczenia odpowiedzialności [0, ]
    • a
    • Tytuł
    • Konstytucja Unii Europejskiej : Find
    • b
    • Ciąg dalszy tytułu (NP)
    • traktat ustanawiający Konstytucję dla Europy / Find
260 -Strefa adresu wydawniczego [ , ]
    • a
    • Miejsce wydania (P)
    • Warszawa ; Poznań :
    • b
    • Nazwa wydawcy (P)
    • "Iuris",
    • c
    • Data wydania (P)
    • 2005.
300 -Strefa opisu fizycznego [ , ]
    • a
    • Określenie formy książki i/lub objętość (NP)
    • 250 s. :
    • c
    • Format (NP)
    • 17 cm.
080 -Uniwersalna Klasyfikacja Dziesiętna [ , ]
    • a
    • Symbol klasyfikacji
    • 342.4(4-67)
980 -Symbol UKD [ , ]
    • a
    • UKD
    • 342.4(4-67)
920 -ISBN [ , ]
    • a
    • ISBN
    • 83-89363-35-6 Find
Lokalizacja Data inwentaryzacji Status udost. Numer inwentarzowy
T2005-11-25-2T.8787